Understanding Usul Al-Fiqh: Principles of islamic Jurisprudence (Record no. 20122)
[ view plain ]
| 000 -LEADER | |
|---|---|
| fixed length control field | 00339nam a22001217a 4500 |
| 082 ## - DEWEY DECIMAL CLASSIFICATION NUMBER | |
| Classification number | 340.59 HIL |
| 100 ## - MAIN ENTRY--AUTHOR NAME | |
| Author name | Hilal, Abu Tariq |
| -- | Abu Ismael al-Beirawi |
| 245 ## - TITLE STATEMENT | |
| Title | Understanding Usul Al-Fiqh: Principles of islamic Jurisprudence |
| 260 ## - PUBLICATION, DISTRIBUTION, ETC. (IMPRINT) | |
| Place of publication | New Delhi |
| Name of publisher | Revival Publications |
| Year of publication | 2007 |
| 300 ## - PHYSICAL DESCRIPTION | |
| Number of Pages | 243 |
| 650 ## - SUBJECT ADDED ENTRY--TOPICAL TERM | |
| Topical Term | Islam- Fiqh |
| 942 ## - ADDED ENTRY ELEMENTS (KOHA) | |
| Koha item type | Books |
| Home library | Current library | Date acquired | Cost, normal purchase price | Full call number | Accession Number | Koha item type |
|---|---|---|---|---|---|---|
| Henry Martyn Institute Library | Henry Martyn Institute Library | 09/09/2016 | 250.00 | 340.59 HIL | 22495 | Books |
